Estado de conservación y patrones demográficos de especies de coral, amenazadas de las familias( Acroporidae, Mussidae y Faviidae) en el parque Nacional Natural Corales del Rosario y San Bernardo (Colombia): (Registro nro. 20436)

Detalles MARC
000 -CABECERA
Campo de control 00827nam a22001937a 4500
005 - FECHA Y HORA DE LA ULTIMA TRANSACCION
Campo de control 20191217042735.0
008 - ELEMENTOS DE LONGITUD FIJA—INFORMACION GENERAL
Campo de control 190228b xxu||||| |||| 00| 0 spa d
040 ## - FUENTE DE CATALOGACIÓN
Agencia catalogadora original CO-BoIAVH
Agencia transcriptora CO-BoIAVH
041 ## - IDIOMA
Código de idioma para texto/pista de sonido o título separado Español
044 ## - PAÍS DE PUBLICACIÓN
País de publicación Colombia
090 ## - CLASIFICACIÓN LOCAL
Colección FG
Consecutivo 0332
110 ## - ASIENTO PRINCIPAL--NOMBRE CORPORATIVO
Nombre corporativo o de jurisdicción como elemento de entrada Universidad Jorge Tadeo Lozano
9 (RLIN) 72894
245 ## - MENCION DE TITULO
Título Estado de conservación y patrones demográficos de especies de coral, amenazadas de las familias( Acroporidae, Mussidae y Faviidae) en el parque Nacional Natural Corales del Rosario y San Bernardo (Colombia):
Parte restante del título determinación de la estructura de talla de las poblaciones y estado de salud
260 ## - PUBLICACION, DISTRIBUCION, ETC. (PIE DE IMPRENTA)
Lugar de publicación, distribución, etc. Bogotá
Nombre del editor, distribuidor, etc. Universidad Jorge Tadeo lozano,
Fecha de publicación, distribución, etc. 2010.
300 ## - DESCRIPCION FISICA
Extensión 18 páginas
Dimensiones 24 x 17cm
650 #0 - ASIENTO SECUNDARIO DE MATERIA - TERMINO TEMATICO
9 (RLIN) 17206
Término temático o nombre geográfico como elemento de entrada Abundancia de especies
Subdivisión general Tallas
650 #0 - ASIENTO SECUNDARIO DE MATERIA - TERMINO TEMATICO
9 (RLIN) 26386
Término temático o nombre geográfico como elemento de entrada Fertilidad
Subdivisión general Especies
942 ## - ELEMENTOS ADICIONALES (KOHA)
Sistema de clasificación Local
Tipo de ítem Folleto
Existencias
Withdrawn status Lost status Sistema de Clasificación Damaged status No para préstamo Colección Ubicación Permanente Ubicación actual Fecha de adquisición Total Checkouts Número topográfico Inventario / Código de Barras Date last seen Ejemplar Price effective from Forma de adquisición Tipo de material
    Local     Hemeroteca Bogotá Bogotá 28/02/2019   FG-0332 034646 28/02/2019 Ej. 1 28/02/2019 Donación Folleto